MALÉ VODNÉ ELEKTRÁRNE

Bibliographic Details
Main Authors: Hodák, Tomáš (Author), Dušička, Peter, 1962- (Author)
Format: Article
Language:Slovak
ISBN:8023103407

MARC

LEADER 00000naa a2200000uu 4500
001 vtls011033853
003 SK-MaSNL
005 20260302124753.0
008 210910|1999 xo |||||||||||||||||slo|
015 |a SNBRA 
035 |a (urnnbn)urn:nbn:sk:snk:ar-008sd8 
035 |a (uuid)5126d435-739b-4ecf-b63f-edce623d5699 
035 |a urn:nbn:sk:snk-aauo83 
040 |a SNKBUCL  |b slo  |c SNKBUCL  |e AACR2 
041 0 |a slo 
044 |a xo  |c SK 
100 1 |a Hodák, Tomáš  |4 aut  |9 7769 
245 1 0 |a MALÉ VODNÉ ELEKTRÁRNE  |c Tomáš Hodák, Peter Dušička 
700 1 |a Dušička, Peter,  |d 1962-  |4 aut  |9 215588 
773 0 |t Obnoviteľné energetické zdroje  |d Žilina : Dom techniky ZSVTS, 1999, 1999  |g S. 14-21  |z 8023103407 
958 |a OND 
958 |a article12 
958 |a chapter 
999 |c 1290003  |d 1291933